000 00274nam a2200097Ia 4500
001 1225982
005 20250827092955.0
008 250824s9999 xx 000 0 und d
245 0 _aÇILGINLIĞIN ÖTESİ
_cSTEPHEN KING
260 _bALTIN KİTAPLAR YAYINLARI
999 _c1225982
_d1225982